|
|
|
|
| LEADER |
01385nam a2200325 a 4500 |
| 001 |
3283 |
| 003 |
BD-DhAAL |
| 005 |
20150514121609.0 |
| 008 |
150514s1997 nyua b 001 0 eng c |
| 010 |
|
|
|a 96042269
|
| 020 |
|
|
|a 0471154296 (cloth : alk. paper)
|
| 040 |
|
|
|a DNLM/DLC
|c DLC
|d DLC
|d BD-DhAAL
|
| 050 |
0 |
0 |
|a RC454.4
|b .M43 1997
|
| 082 |
0 |
0 |
|a 362.2/068
|2 20
|
| 245 |
0 |
4 |
|a The Measurement & management of clinical outcomes in mental health /
|c John S. Lyons ... [et al.].
|
| 246 |
3 |
|
|a Measurement and management of clinical outcomes in mental health
|
| 246 |
3 |
0 |
|a Clinical outcomes in mental health
|
| 260 |
|
|
|a New York :
|b J. Wiley,
|c c1997.
|
| 300 |
|
|
|a xiv, 290 p. :
|b ill. ;
|c 24 cm.
|
| 504 |
|
|
|a Includes bibliographical references (p. 247-282) and index.
|
| 541 |
|
|
|e 3283
|
| 650 |
|
0 |
|a Mental health services
|x Evaluation.
|9 11067
|
| 650 |
|
0 |
|a Outcome assessment (Medical care)
|9 11068
|
| 650 |
|
0 |
|a Mental health services
|x Research
|x Methodology.
|9 11069
|
| 650 |
1 |
2 |
|a Mental Health Services
|x organization & administration.
|9 11070
|
| 650 |
2 |
2 |
|a Outcome and Process Assessment (Health Care)
|9 11071
|
| 700 |
1 |
|
|a Lyons, John S.
|q (John Stephen)
|9 11072
|
| 942 |
|
|
|2 ddc
|c BK
|
| 999 |
|
|
|c 34420
|d 34420
|
| 952 |
|
|
|0 0
|1 0
|2 ddc
|4 0
|6 362_206800000000000_MEA
|7 0
|9 53738
|a SCL
|b SCL
|c GEN
|d 2015-05-14
|e Gift: The Asia Foundation
|l 0
|o 362.2068 MEA
|p 3020003283
|r 2015-05-14
|t 1
|w 2015-05-14
|y BK
|